Quizzes
Events
Quiz Creation
Community
Videos
Private Events
Remove Ads
Sign In
Join for FREE
Feedback
Dark Mode
Quiz Categories
Sports
Geography
Music
Movies
Television
Just For Fun
Miscellaneous
History
Literature
Language
Science
Gaming
Entertainment
Religion
Holiday
For Kids
Quiz Lab
Recent
Popular Today
Quiz Kudos Today
Editor Picks
Curator Picks
Quizzes by...
Day
Popularity
Type
Ratings
Length
Year
Community
Subscriptions
Recent Discussions
Orange Saloon
Badges
Playlists
Quests
Create
Leaderboards
Showdown
Live 5
Trivia Bingo
Activity
Puzzle Library
Sporcle Events
Private Events
Virtual Trivia
Globe League
Become a Host
Pub Owners
SporcleCon
Opinionation
Our Games
Videos
Blog
Mobile Apps
Partnerships
Remove Ads and Go Orange
Feedback
Literature
Harry Potter
A Song of Ice and Fire
The Hunger Games
Literary Character
Shakespeare
Book
Author
Novel
Poem
Young Adult
Children's Books
Play
Lord of the Rings
Literature
Harry Potter
A Song of Ice and Fire
The Hunger Games
Literary Character
Shakespeare
Book
Author
Novel
Poem
Young Adult
Children's Books
Play
Lord of the Rings
Random Quiz
Search Sporcle
×
Quiz Lab
Quiz Lab
Literature
Book
Type in answers that appear in a list
Type in answers that appear in a list
Classic
Best Score? Go Orange.
HARRY POTTER Trivia #1 Stats
Can you name the Harry Potter Trivia(All Books and Movies)?
By
AvatarML14
15m
20 Questions
254 Plays
254 Plays
254 Plays
Comments
Comments
Give Quiz Kudos
Give Quiz Kudos
-
- Ratings
hide this ad
Replay
Link that replays current quiz
Next Quiz
Link to next quiz in quiz playlist
You Got
0%
They Got
Avg Score
63%
Avg Friend Score
Upgrade to see
Score Distribution
Jump to the score distribution portion of the page
Score
0/20
Timer
15:00
0
Plays Today
Hint
Answer
% Correct
Which animagi is a beetle?
Rita Skeeter
92.1%
Who does Severus Snape always love?
Lily Potter
86.2%
What Bertie Bott's bean flavor does Dumbledore eat in the first book/
movie?
Earwax
85%
What is the FULL name of Harry's middle son?
Albus Severus Potter
83.1%
What does the Golden Snitch say when Harry Kisses it?
I open at the close
82.3%
What is the name of Barty Crouch's house elf?
Winky
79.1%
What creature lives in the forbidden forest and has many children?
Aragog
79.1%
What is the counter spell to Lumos?
Nox
78.7%
Where was Harry born?(the name of the town)
Godric's Hollow
75.6%
Who created the the devil's snare trap that hermione, ron and harry pass through when they are trying to find the sorcerer's stone?
Sprout
70.9%
Hint
Answer
% Correct
Who does Neville end up marrying after the series ends?
Hannah Abbot
66.5%
Who took fleur to the Yule Ball?
Roger Davies
58.3%
What did Sirius buy for Harry when he was a baby?
A mini flying broom
57.9%
Who is R.A.B. ?(full name)
Regulus Arcturus Black
56.3%
Who owns the ice cream shop in diagon alley?
Florean Fortescue
55.9%
Who Did Tom riddle kill to acquire Hufflepuff's cup?
Hepzibah Smith
50%
What does Mr.Weasley send to the Dursleys through the mail in the 4th movie?
A letter
33.9%
What business do Neville and his wife own/
work at after the end of the series?
The Leaky Cauldron
33.1%
Who takes hagrid's place as teacher of magical creatures when hagrid is gone?
Professor Grubbly-Plank
26.8%
Who wrote 'quidditch through the ages?'
Kennilworthy Whisp
15.4%
Quiz Playlist
Details
Report
Send in Message
Add To Playlist
Classic:
Type in answers that appear in a list
Last Updated: Feb 16, 2017
Quiz Scoreboard
CHALLENGE
Sign Up to Join the Scoreboard
Show All
Scores
Hide
Comments
May contain spoilers
Recently Published
Click the 1999 NBA Draft
by nibperrychub
Sports
2m
Alphabetical 'K' Countries by Flag Minefield
by ylime102
Geography
3m
Pick 6: Fruits
by JohnFran
Miscellaneous
15s
More to Explore
Quiz From the Vault
Featured Blog Post
15 Basketball Trivia Facts You Can Be March Mad About
hide this ad
You Might Also Like...
Tags
Book Quiz
Harry Potter Quiz
Today's Top Quizzes in Literature
Browse Literature
hide this ad
Today's Top Quizzes in Book
Browse Book
Top Contributed Quizzes in Literature
1
Season Plays
2
Pick 3: Harry Potter Hogwarts Quidditch Players
3
4-to-1 Blitz: Harry Potter
4
percy jackson logic puzzle
5
Dumbledore's Army Logic Puzzle
6
Harry Potter Logic Quiz New
7
Jane Eyre Character Quotes
8
Harry Potter: Partnered Harry Trio Venn Diagram
9
Word Ladder: King's 'The Stand'
10
Literature Acrostic Puzzle
Explore More
Trending Topics
Marvel
NBA
Kpop
Harry Potter
Disney
Crossword
Anime
The Office
Soccer
Song
Puzzle
Country
NFL
Pokémon
WWE
hide this ad
More By:
AvatarML14
Quiz
Plays
Rating
Category
Featured
Created
HARRY POTTER Trivia #2
262
2.60
Literature
Aug 8, 2011
HARRY POTTER Trivia #1
254
2.00
Literature
Aug 7, 2011
HARRY POTTER trivia #3
193
2.00
Literature
Aug 9, 2011
Harry Potter Trivia #4
183
3.00
Literature
Jan 1, 2012
Crazy Word Ladder
124
2.67
Just For Fun
Aug 10, 2011
Go to Creator's Profile
Score Distribution
Quiz Creator Spotlight
AvatarML14
Follow
Send a Message
Quizzes Created
-
Created Quiz Play Count
-
More By This Creator
Popular Quizzes Today
1
Countries of Asia Without Outlines Minefield
2
Find the US States - No Outlines Minefield
3
Pick 6: Fruits
4
Alphabetical 'K' Countries by Flag Minefield
5
The Countries of the World
6
Find the US States
7
US States
8
Match the Book to the Film X
More Literature Quizzes
Acrostic Harry Potter: The Order of the Phoenix Part 2
Quiz Lab
Trending Quizzes
Pick 6: Harry Potter
Pick 6: Mountains
Pick 6: NFL Teams
Pick 6: Movie Franchises
Pick 6: Golfers
Recently Updated
NWSL Teams
pecheneg
Women's Final Four Teams by Year
bhenderson79
Presidents Quartet II
eogle
Anything But Clue(do)
eogle
Anything But Oceanian Capitals
eogle
Anything But 7
eogle
Anything But Thing
eogle
Word Ladder: February 29
pecheneg
Song Title Questions
pecheneg
Women's NCAA Tournament #1 Seeds
pecheneg
Trending Topics
NBA
Marvel
Kpop
Anime
Harry Potter
Crossword
Disney
Puzzle
Pokémon
Song
Country
WWE
The Office
Soccer
NFL
Your Account Isn't Verified!
In order to create a playlist on Sporcle, you need to verify the email address you used during registration. Go to your
Sporcle Settings
to finish the process.
Report this User
Report this user for behavior that violates our
Community Guidelines
.
Details:
Send Report
Go to the Sporcle.com Mobile Site →
Comments